Loading...
Fine Arts - Classical Music | 0 | 11 | 1 | 2 | 105 | 80 | 121.27 | 0 | 0 |
Fine Arts - Other Fine Arts | 0 | 6 | 0 | 0 | 60 | 87 | 104.33 | 0 | 0 |
Fine Arts - Painting & Sculpture | 0 | 4 | 0 | 0 | 40 | 112 | 126.75 | 0 | 0 |
Social Science | 0 | 2 | 0 | 0 | 20 | 101 | 120.50 | 0 | 0 |
History - American History | 0 | 2 | 0 | 0 | 20 | 97 | 121.00 | 0 | 0 |
Philosophy | 0 | 2 | 0 | 0 | 20 | 122 | 122.50 | 0 | 0 |
Religion | 0 | 2 | 0 | 2 | 20 | 146 | 146.50 | 0 | 0 |
Science - Physics | 0 | 2 | 1 | 1 | 15 | 136 | 144.50 | 0 | 0 |
Other Academic | 0 | 1 | 0 | 0 | 10 | 108 | 108.00 | 0 | 0 |
Literature - European Literature | 0 | 1 | 0 | 0 | 10 | 83 | 83.00 | 0 | 1 |
Literature - American Literature | 0 | 1 | 0 | 0 | 10 | 160 | 160.00 | 0 | 0 |
Literature - World Literature | 0 | 1 | 0 | 0 | 10 | 117 | 117.00 | 0 | 0 |
History - European History | 0 | 2 | 2 | 1 | 10 | 140 | 143.50 | 0 | 0 |
Mythology | 0 | 1 | 1 | 0 | 5 | 95 | 95.00 | 0 | 0 |
Science - Other Science | 0 | 1 | 1 | 0 | 5 | 86 | 86.00 | 0 | 1 |